header

Contemporary debates in epistemology (Record no. 37879)

MARC details
000 -LEADER
fixed length control field 01310nam a2200349 a 4500
082 04 - DEWEY DECIMAL CLASSIFICATION NUMBER
Classification number 121
245 00 - TITLE STATEMENT
Title Contemporary debates in epistemology
250 ## - EDITION STATEMENT
Edition statement 2nd ed.
260 ## - PUBLICATION, DISTRIBUTION, ETC. (IMPRINT)
Place of publication Hoboken :
Name of publisher Wiley-Blackwell,
Year of publication 2014.
300 ## - PHYSICAL DESCRIPTION
Number of Pages xii, 384 p.
650 #0 - SUBJECT ADDED ENTRY--TOPICAL TERM
Topical Term Knowledge, Theory of.
700 1# - ADDED ENTRY--PERSONAL NAME
Personal name Steup, Matthias.
Personal name Turri, John.
Personal name Sosa, Ernest.
856 40 - ELECTRONIC LOCATION AND ACCESS
Uniform Resource Identifier http://site.ebrary.com/lib/rucke/Doc?id=10728371

No items available.

© 2026 Rongo University
Contact us: librarian | system librarian | Rongo university